La mujer eterna / (Record no. 90142)

MARC details
000 -LEADER
campo de control de longitud fija 00728nam a2200229 i 4500
001 - NÚMERO DE CONTROL
campo de control 90142
003 - IDENTIFICADOR DE NÚMERO DE CONTROL
campo de control ES-MaACL
005 - FECHA Y HORA DE LA ÚLTIMA TRANSACCIÓN
campo de control 20250824230753.0
007 - CAMPO FIJO DE DESCRIPCIÓN FÍSICA--INFORMACIÓN GENERAL
campo de control de longitud fija t|
008 - DATOS DE LONGITUD FIJA--INFORMACIÓN GENERAL
campo de control de longitud fija 050118s1953 sp ||||1| spa d
080 ## - NÚMERO DE LA CLASIFICACIÓN DECIMAL UNIVERSAL
Número de la Clasificación Decimal Universal 396:28
100 1# - ENTRADA PRINCIPAL--NOMBRE DE PERSONA
Nombre de persona Le Fort, Gertrud von.
9 (RLIN) 70875
245 13 - MENCIÓN DEL TÍTULO
Título La mujer eterna /
Mención de responsabilidad, etc. Gertrud von Le Fort ; [traducción de María Cleofé Aguilera].
260 ## - PUBLICACIÓN, DISTRIBUCIÓN, ETC.
Lugar de publicación, distribución, etc. Madrid :
Nombre del editor, distribuidor, etc. Rialp,
Fecha de publicación, distribución, etc. 1953 (
Fabricante Marisal)
300 ## - DESCRIPCIÓN FÍSICA
Extensión 176 p. ;
Dimensiones 17 cm.
490 1# - MENCIÓN DE SERIE
Mención de serie Patmos. Libros de espiritualidad ;
Designación de volumen o secuencia 26
650 #7 - PUNTO DE ACCESO ADICIONAL DE MATERIA--TÉRMINO DE MATERIA
Término de materia o nombre geográfico como elemento de entrada Mujeres en el cristianismo
Fuente del encabezamiento o término embne
9 (RLIN) 15332
700 1# - ENTRADA AGREGADA--NOMBRE PERSONAL
Nombre de persona Aguilera, María Cleofé.
9 (RLIN) 18766
830 10 - PUNTO DE ACCESO ADICIONAL DE SERIE-TÍTULO UNIFORME
Título uniforme Patmos (Rialp)
Designación de volumen o secuencia 26
9 (RLIN) 181154
852 4# - LOCALIZACIÓN
Ubicación ES-MaACL
Número de control de estantería C-7422
Holdings
Estatus retirado Estado de pérdida Estado de daño No para préstamo Biblioteca de origen Biblioteca actual Ubicación en estantería Fecha de adquisición Fuente de adquisición Total de préstamos Signatura topográfica completa Código de barras Visto por última vez Precio de reemplazo Tipo de ítem Koha
        Biblioteca del Ateneo de Madrid Biblioteca del Ateneo de Madrid Sala Palomar 17/01/2008     C-7422 1094135 23/02/2023 23/02/2023 Libro impreso